Los campos de concentración de los refugiados españoles en Francia 1939-1945
Spremljeno u:
| Glavni autor: | |
|---|---|
| Format: | Knjiga |
| Jezik: | španjolski |
| Izdano: |
Barcelona
Omega
1995
|
| Teme: | |
| Oznake: |
Dodaj oznaku
Bez oznaka, Budi prvi tko označuje ovaj zapis!
|
MARC
| LEADER | 00000nam a2200000 a 4500 | ||
|---|---|---|---|
| 001 | UCT2887 | ||
| 003 | CL-VaPUC | ||
| 008 | 961018e19950000SP |||||||||||||||||spa|d | ||
| 082 | 0 | 4 | |a 946 |b RAF |2 21 |
| 100 | 0 | |a Rafaneau Boj, Marie Claude |e author |9 371868 | |
| 245 | 1 | 4 | |a Los campos de concentración de los refugiados españoles en Francia 1939-1945 |
| 300 | |a 404 p | ||
| 942 | |c BK | ||
| 945 | |d 19961018 00:00:00 |a nastorga | ||
| 260 | |a Barcelona |b Omega |c 1995 | ||
| 600 | 0 | 7 | |a FRANCO, FRANCISCO |2 CL-VaPUC |9 313492 |
| 650 | 0 | |a Historia |9 255047 | |
| 650 | 0 | |a Guerra civil española |9 331803 | |
| 650 | 7 | |a REFUGIADOS POLITICOS |2 CL-VaPUC |9 318617 | |
| 650 | 0 | |a Exilio |9 343229 | |
| 651 | 0 | |a España |9 254926 | |
| 651 | 0 | |a Francia |9 255157 | |
| 583 | |a last modification |c 19961018 00:00:00 |k Rodrigo Vera | ||
| 999 | |c 252780 |d 252778 | ||
| 952 | |0 0 |1 0 |4 0 |6 946_000000000000000_RAF_1995 |7 0 |8 A |9 272868 |a FDOPOS |b FDOPOS |d 2019-11-19 |i 3242145 |o 946 RAF 1995 |p 3242145 |r 2025-01-22 |w 2019-11-19 |y BK |k MLH | ||
| 952 | |0 0 |1 0 |4 0 |6 946_000000000000000_RAF_1995 |7 0 |8 A |9 272869 |a FDOPOS |b FDOPOS |d 2019-11-19 |i 3305546 |o 946 RAF 1995 |p 3305546 |r 2025-01-22 |w 2019-11-19 |y BK |k MLH | ||